Nové zbraně vlivu psychologie přesvědčování i v online světě
Salvato in:
| Autore principale: | |
|---|---|
| Natura: | Libro |
| Lingua: | ceco |
| Pubblicazione: |
Brno
Jan Melvin Publishing
2023
|
| Edizione: | rozšířené vydání |
| Soggetti: | |
| Tags: |
Nessun Tag, puoi essere il primo ad aggiungerne!!
|
MARC
| LEADER | 00000nam a2200000 4500 | ||
|---|---|---|---|
| 001 | 0307904 | ||
| 005 | 20250507145909.1 | ||
| 020 | |a 978-80-7555-181-8 | ||
| 041 | 0 | |a cze | |
| 044 | |a CZ | ||
| 245 | 1 | 0 | |a Nové zbraně vlivu |b psychologie přesvědčování i v online světě |c Robert B. Cialdini |
| 250 | |a rozšířené vydání | ||
| 264 | 1 | |a Brno |b Jan Melvin Publishing |c 2023 | |
| 300 | |a 512 s. | ||
| 610 | 2 | 0 | |a psychológia |
| 610 | 2 | 0 | |a vedy spoločenské |
| 610 | 2 | 0 | |a internet |
| 610 | 2 | 0 | |a siete sociálne |
| 610 | 2 | 0 | |a komunikácia |
| 610 | 2 | 0 | |a osobnosť |
| 610 | 2 | 0 | |a dôvera |
| 100 | 1 | |a Cialdini, Robert B. | |